000 00387nmm a2200145Ia 4500
008 251105s9999||||xx |||||||||||||||||und||
041 _aspa
100 _aGallagher, Raquel R.
245 0 _aEntre brumas
264 _a[Madrid, España] :
_bEdiciones B,
_c2016
300 _a98 páginas
650 _aRomance
856 _uhttps://public.digitaliapublishing.com/a/54320
942 _cCF
999 _c106055
_d106055